01155nam a22002657a 4500999001900000003000400019020001800023082001800041100001400059245004300073250000600116260002600122300001400148546001200162650002000174650002200194650002600216650004500242650004300287942001200330952012700342952013200469952013200601952015600733 c291278d291278OSt a9788188826384 a589.2bDUB/FU aDube, H C aTextbook of fungi bacteria and viruses a3 aIndiabAgrobiosc2024 aiv, 241p. aEnglish aDomain bacteria aPhylum ascomycota aPhylum basidiomycota  aViral diseases in plant and human beigns aBacterial nutrition and mineral cycles 2ddccBK 00102ddc40708GenaKAUCLVbKAUCLVcGENERALd2024-05-13l2m1o589.2 DUB/FUp232495r2025-06-23 00:00:00s2025-06-23yBK 00102ddc40708GenaKAUCLVbKAUCLVcGENERALd2026-03-21g350.00l0o589.2 DUB/FUp233166r2026-03-21 16:44:00w2026-03-21yBK 00102ddc40708GenaKAUCLVbKAUCLVcGENERALd2026-03-21g350.00l0o589.2 DUB/FUp233165r2026-03-21 16:44:00w2026-03-21yBK 00102ddc40708GenaKAUCLVbKAUCLVcGENERALd2026-03-21g350.00l1o589.2 DUB/FUp233164q2026-06-16r2026-05-29 12:09:10s2026-05-29w2026-03-21yBK